000 00975nam a2200241 a 4500
001 000047324
005 20201002053541.0
008 091016s2001 dr a 000 0 spa d
040 _aDO-SdBNP
_bspa
_cBNPHU
082 _a371.3
_bG993o, 2001
100 1 _aGuzmán de Camacho, Ana Dolores
_912351
245 1 0 _aOrientaciones didácticas para el proceso de enseñanza-aprendizaje /
_cAna Dolores Guzmán de Camacho, Milagros Concepción Calderón ; presentación Ángela Florencio.
250 _a6ª ed.
260 _aSanto Domingo :
_bAmigo del Hogar,
_c2001.
300 _a183 p. :
_bil. ;
_c24 cm.
500 _aIncluye datos biográficos de las autoras en la contracubierta.
504 _aBibliografía: p.171-177.
590 _aInventariado, 2018/ YL
650 4 _aMétodos de enseñanza
_92196
650 4 _aPedagogía
_xTécnicas de enseñanza
_912352
650 4 _aPsicología del aprendizaje
_xMetodología
_912353
700 1 _aFlorencio, Ángela,
_epresent.
_926942
999 _c46812
_d46812